| 000 | 00456nam a2200145 a 4500 | ||
|---|---|---|---|
| 001 | 1996 | ||
| 003 | CDMR | ||
| 005 | 20130723124902.0 | ||
| 008 | 130130s1995||||||||||||||||||||||||||||d | ||
| 040 |
_aCDMR _bcat _cCPC GIRONA |
||
| 100 | 1 |
_aRivière, Margarita _9849 |
|
| 245 | 1 | 3 |
_aLa década de la decencia. _bIntolerancias 'Pret a porter', moralina mediática y otras indecencias de los años 90 _cRivière, Margarita |
| 260 |
_c1995 _bAnagrama |
||
| 942 |
_cMON _2udc |
||
| 999 |
_c1996 _d1996 |
||